| 000 | 00418nam a22001337a 4500 | ||
|---|---|---|---|
| 999 |
_c534821 _d534821 |
||
| 020 | _a9789332518735 | ||
| 082 | _a004.019 SHN | ||
| 100 | _aShneiderman, Ben | ||
| 245 |
_aDesigning the User Interface: _bStrategies for Effective Human-computer Interaction / _cBen Shneiderman |
||
| 260 |
_aNew Delhi : _bPearson, _c2014. |
||
| 300 | _a572 p. | ||
| 942 |
_2ddc _cBK |
||